000 00402nam a22001337a 4500
082 _a526.9
_bWHE
_cL-Tack, P-105
100 _aWheelor, E.O
_939706
245 _aReport of military training quetta1929
_cE.O Wheelor
260 _aIndia
_bBrigadier R.H. Thomas, D.S.O
_cC1931
300 _axii, 47 p.:
_bill.:
_c24 cm
526 _a0
_b0
_c0
_d526_900000000000000_WHE
650 _aMCE
_9379
942 _2ddc
_cBK
999 _c544150
_d544150